| 000 | 00683nam a2200193Ia 4500 | ||
|---|---|---|---|
| 001 | 14151 | ||
| 003 | GE_BSU | ||
| 008 | 181216s||||||||xx |||||||||||||| ||und|| | ||
| 040 | _cGE_BSU | ||
| 080 | _a621.595 | ||
| 100 | _aРачевский,Б.С. Рачевский,С.М. Радчик,И.И. | ||
| 245 | _aТранспорт и хранение углеводородных сжиженных газов. | ||
| 260 | _aМ. | ||
| 260 | _bНедра. | ||
| 260 | _c1974. | ||
| 300 | _a256 стр. 21 см. с илл. Библиогр.: стр. 252-255. | ||
| 653 | _aТранспорт и хранение углеводородных сжиженных газов. | ||
| 942 | _cBK | ||
| 999 |
_c47291 _d47291 |
||